000 00497nam a2200181Ia 4500
005 20250508150354.0
008 008 250505s9999 xx 000 0 eng d
037 _aBooks to be hide in OPAC
040 _aFEDL
_beng
_cFEDL
041 _aeng
_2eng
084 _a184.1, LOW/O
_qFEDL
100 _aDickinson G Lowes
245 0 _aPlato and his dialogues
260 _aMiddlesex
_bPenguin Books
_c1931
300 _a159p.
942 _cHB
_h184.1, LOW/O
999 _c1323257
_d1323257